Music Quiz

Random Music or Lyrics Quiz

I Want You (She's So Heavy) Lyrics Quiz Stats

 Plays Quiz not verified by Sporcle

Also try: Which Wilbury?
Challenge
Share
Tweet
Embed
Score 0/165 Timer 03:00
0 Plays Today
% Correct
I
100%
I
100%
I
100%
I
100%
I
100%
I
100%
I
100%
I
100%
I
100%
I
100%
I
100%
I
100%
I
100%
I
100%
I
100%
I
100%
I
100%
I
100%
I
100%
I
100%
I
100%
I
100%
I
100%
I
100%
want
99.6%
you
99.6%
want
99.6%
you
99.6%
want
99.6%
you
99.6%
want
99.6%
you
99.6%
want
99.6%
you
99.6%
want
99.6%
want
99.6%
you
99.6%
want
99.6%
you
99.6%
you
99.6%
want
99.6%
you
99.6%
want
99.6%
you
99.6%
want
99.6%
you
99.6%
want
99.6%
you
99.6%
want
99.6%
you
99.6%
want
99.6%
you
99.6%
want
99.6%
you
99.6%
want
99.6%
% Correct
you
99.6%
want
99.6%
you
99.6%
want
99.6%
you
99.6%
want
99.6%
you
99.6%
want
99.6%
you
99.6%
want
99.6%
you
99.6%
You
99.6%
want
99.6%
you
99.6%
want
99.6%
you
99.6%
You
99.6%
want
99.6%
you
99.6%
so
99.2%
so
99.2%
so
99.2%
so
99.2%
so
99.2%
so
99.2%
so
99.2%
so
99.2%
so
99.2%
so
99.2%
so
99.2%
so
99.2%
so
99.2%
so
99.2%
so
99.2%
so
99.2%
bad
98.7%
bad
98.7%
bad
98.7%
bad
98.7%
bad
98.7%
bad
98.7%
bad
98.7%
bad
98.7%
bad
98.7%
bad
98.7%
bad
98.7%
bad
98.7%
me
97.7%
me
97.7%
me
97.7%
me
97.7%
me
97.7%
me
97.7%
me
97.7%
me
97.7%
% Correct
me
97.7%
me
97.7%
me
97.7%
me
97.7%
It's
97.1%
It's
97.1%
It's
97.1%
It's
97.1%
It's
97.1%
It's
97.1%
It's
97.1%
It's
97.1%
It's
97.1%
It's
97.1%
It's
97.1%
It's
97.1%
mad
95.6%
mad
95.6%
mad
95.6%
mad
95.6%
mad
95.6%
mad
95.6%
mad
95.6%
mad
95.6%
mad
95.6%
driving
95.1%
driving
95.1%
driving
95.1%
driving
95.1%
driving
95.1%
driving
95.1%
driving
95.1%
driving
95.1%
driving
95.1%
driving
95.1%
driving
95.1%
driving
95.1%
heavy
90.1%
Heavy
90.1%
heavy
90.1%
heavy
90.1%
heavy
90.1%
heavy
90.1%
heavy
90.1%
heavy
90.1%
She's
89.9%
She's
89.9%
She's
89.9%
She's
89.9%
babe
66.3%
babe
66.3%
babe
66.3%
Yeaaaaaaahhhhhhhhhhh!!!
66.3%
know
60.6%
know
60.6%

You're not logged in!

Compare scores with friends on all Sporcle quizzes.
Join for Free
OR
Log In

You Might Also Like...

Show Comments

Extras

Top Quizzes Today


Score Distribution

Your Account Isn't Verified!

In order to create a playlist on Sporcle, you need to verify the email address you used during registration. Go to your Sporcle Settings to finish the process.

Report this User

Report this user for behavior that violates our Community Guidelines.

Details: